Katy Perry's songs - Statistics

General Stats
  • This quiz has been taken 141 times
  • The average score is 13 of 52
Answer Stats
Albums Songs % Correct
Prism Roar
85%
Firework
75%
Teenage dream Teenage dream
75%
I kissed a girl
74%
Dark horse
73%
Last friday night
68%
Hot n cold
65%
Lost
65%
California Gurls
63%
Bon appétit
60%
E.T
57%
The one that got away
45%
Swish swish
39%
Chained to the rhythm
38%
Birthday
35%
Witness Witness
35%
One of the boys One of the boys
34%
This is how we do
30%
Waking up in Vegas
24%
Unconditionnaly
23%
Ur so gay
23%
Thinking of you
21%
Legendary lovers
16%
Roulette
15%
Hey hey hey
14%
International smile
14%
Pearl
14%
Walking on air
13%
Not like the movies
12%
Hummingbird heartbeat
11%
Love me
11%
By the grace of god
10%
Circle the drain
9%
Double rainbow
9%
Fingerprints
8%
Mannequin
7%
Bigger than me
6%
Déjà vu
6%
Ghost
6%
This moment
6%
Who am I living for
6%
If you can afford me
5%
Mind maze
5%
Miss you more
5%
Pendulum
5%
Power
5%
Save as draft
5%
Tsunami
5%
I'm still breathing
4%
Into me you see
4%
Peacoock
2%
Sel inflicted
0%
No matching quizzes found
Score Distribution
Percent of People with Each Score
Percentile by Number Answered
Your Score History
You have not taken this quiz